[Event "marquesdepombal"]
[Site "?"]
[Date "2024.10.05"]
[Round "5.1"]
[White "Monteiro, Paulo Alexandre Gomes"]
[Black "Ryabukhin, Roman"]
[Result "1/2-1/2"]
[LiveChessVersion "1.4.8"]
[BlackElo "2195"]
[WhiteElo "2202"]

1. d4 {[%clk 1:27:33]} Nf6 {[%clk 1:30:55]} 2. c4 {[%clk 1:27:52]} e6
{[%clk 1:31:21]} 3. Nc3 {[%clk 1:28:05]} Bb4 {[%clk 1:31:49]} 4. e3
{[%clk 1:28:00]} O-O {[%clk 1:32:13]} 5. a3 {[%clk 1:27:59]} Bxc3+
{[%clk 1:32:37]} 6. bxc3 {[%clk 1:28:23]} d6 {[%clk 1:33:02]} 7. Ne2
{[%clk 1:26:28]} e5 {[%clk 1:29:25]} 8. Ng3 {[%clk 1:26:06]} Re8 {[%clk 1:26:35]}
9. Bd3 {[%clk 1:20:55]} e4 {[%clk 1:25:35]} 10. Bb1 {[%clk 1:21:09]} b6
{[%clk 1:24:42]} 11. f3 {[%clk 1:18:28]} Bb7 {[%clk 1:20:47]} 12. O-O
{[%clk 1:13:00]} Nbd7 {[%clk 1:18:42]} 13. Ra2 {[%clk 1:11:47]} c5
{[%clk 1:10:55]} 14. Raf2 {[%clk 1:06:00]} exf3 {[%clk 1:11:14]} 15. gxf3
{[%clk 1:05:59]} Qc7 {[%clk 1:07:05]} 16. Nf5 {[%clk 0:56:54]} Nf8
{[%clk 1:06:01]} 17. e4 {[%clk 0:55:15]} Ng6 {[%clk 1:05:51]} 18. Bg5
{[%clk 0:50:02]} Kh8 {[%clk 1:00:49]} 19. Qd2 {[%clk 0:43:31]} Ng8
{[%clk 0:51:41]} 20. Kh1 {[%clk 0:37:41]} f6 {[%clk 0:51:27]} 21. Bf4
{[%clk 0:34:15]} Nxf4 {[%clk 0:45:40]} 22. Qxf4 {[%clk 0:34:36]} Rad8
{[%clk 0:45:03]} 23. Rg1 {[%clk 0:33:27]} g6 {[%clk 0:43:42]} 24. Ne3
{[%clk 0:31:45]} Qg7 {[%clk 0:43:48]} 25. Nf5 {[%clk 0:23:37]} Qc7
{[%clk 0:42:37]} 26. Ne3 {[%clk 0:23:06]} Qg7 {[%clk 0:43:04]} 27. Nf5
{[%clk 0:23:29]} 1/2-1/2

[Event "marquesdepombal"]
[Site "?"]
[Date "2024.10.05"]
[Round "5.2"]
[White "Veiga, Jose Francisco"]
[Black "Goncalves, Samuel Jesus Pereira"]
[Result "1-0"]
[LiveChessVersion "1.4.8"]
[BlackElo "2240"]
[WhiteElo "2412"]

1. Nf3 {[%clk 1:28:45]} Nf6 {[%clk 1:30:54]} 2. d4 {[%clk 1:29:01]} g6
{[%clk 1:31:17]} 3. Bf4 {[%clk 1:29:17]} Bg7 {[%clk 1:31:36]} 4. h3
{[%clk 1:29:17]} O-O {[%clk 1:31:46]} 5. e3 {[%clk 1:29:43]} d6 {[%clk 1:32:05]}
6. Be2 {[%clk 1:30:06]} Nfd7 {[%clk 1:30:52]} 7. Bh2 {[%clk 1:29:37]} e5
{[%clk 1:29:46]} 8. O-O {[%clk 1:29:35]} Nc6 {[%clk 1:28:47]} 9. c4
{[%clk 1:25:25]} exd4 {[%clk 1:25:57]} 10. exd4 {[%clk 1:25:50]} Qf6
{[%clk 1:26:11]} 11. d5 {[%clk 1:25:53]} Nd4 {[%clk 1:22:59]} 12. Nc3
{[%clk 1:24:56]} Nxf3+ {[%clk 1:19:50]} 13. Bxf3 {[%clk 1:25:21]} Nc5
{[%clk 1:19:18]} 14. Nb5 {[%clk 1:22:00]} Qd8 {[%clk 1:18:52]} 15. b4
{[%clk 1:18:13]} Nd7 {[%clk 1:18:16]} 16. Rc1 {[%clk 1:15:29]} a6
{[%clk 1:14:33]} 17. Nd4 {[%clk 1:15:55]} Qf6 {[%clk 1:13:58]} 18. Nb3
{[%clk 1:16:21]} Bh6 {[%clk 1:12:08]} 19. Rc2 {[%clk 1:16:17]} Ne5
{[%clk 1:11:52]} 20. Be4 {[%clk 1:15:18]} b5 {[%clk 0:59:06]} 21. cxb5
{[%clk 1:10:34]} axb5 {[%clk 0:59:30]} 22. Bxe5 {[%clk 1:10:59]} Qxe5
{[%clk 0:59:38]} 23. Re1 {[%clk 1:09:54]} Re8 {[%clk 0:55:54]} 24. Nd4
{[%clk 1:00:27]} Qf4 {[%clk 0:45:07]} 25. Rce2 {[%clk 1:00:41]} Bd7
{[%clk 0:43:10]} 26. Ne6 {[%clk 0:59:28]} fxe6 {[%clk 0:31:54]} 27. dxe6
{[%clk 0:59:26]} Rad8 {[%clk 0:32:21]} 28. exd7 {[%clk 0:59:28]} Rf8
{[%clk 0:32:49]} 29. Qd4 {[%clk 0:58:03]} Rf7 {[%clk 0:31:12]} 30. g3
{[%clk 0:57:39]} Qf6 {[%clk 0:31:32]} 31. Qxf6 {[%clk 0:57:55]} Rxf6
{[%clk 0:32:00]} 32. Bd5+ {[%clk 0:58:11]} Kg7 {[%clk 0:32:06]} 33. Re7+
{[%clk 0:58:36]} Kh8 {[%clk 0:32:33]} 34. Re8+ {[%clk 0:59:02]} Rf8
{[%clk 0:32:49]} 35. Rxd8 {[%clk 0:59:22]} 1-0

[Event "marquesdepombal"]
[Site "?"]
[Date "2024.10.05"]
[Round "5.3"]
[White "Simoes, Miguel Patricio Caldeira"]
[Black "Araujo, Ricardo Franca Paulo Duarte"]
[Result "1-0"]
[LiveChessVersion "1.4.8"]
[BlackElo "1963"]
[WhiteElo "2177"]

1. e4 {[%clk 1:30:59]} c5 {[%clk 1:30:55]} 2. Nf3 {[%clk 1:31:27]} e6
{[%clk 1:31:18]} 3. d4 {[%clk 1:31:49]} cxd4 {[%clk 1:31:42]} 4. Nxd4
{[%clk 1:32:13]} a6 {[%clk 1:32:06]} 5. Nc3 {[%clk 1:32:37]} Qc7 {[%clk 1:32:27]}
6. g3 {[%clk 1:33:03]} Nf6 {[%clk 1:32:42]} 7. Bg2 {[%clk 1:32:44]} Nc6
{[%clk 1:32:12]} 8. O-O {[%clk 1:33:08]} Be7 {[%clk 1:32:15]} 9. Nxc6
{[%clk 1:25:00]} dxc6 {[%clk 1:32:18]} 10. Be3 {[%clk 1:23:38]} O-O
{[%clk 1:31:14]} 11. f4 {[%clk 1:21:19]} e5 {[%clk 1:25:43]} 12. f5
{[%clk 1:21:07]} Rd8 {[%clk 1:25:20]} 13. Qf3 {[%clk 1:21:11]} h6
{[%clk 1:10:35]} 14. g4 {[%clk 1:18:57]} Nh7 {[%clk 1:09:00]} 15. Qf2
{[%clk 1:18:14]} Re8 {[%clk 1:00:50]} 16. Bb6 {[%clk 1:16:28]} Qd6
{[%clk 0:59:47]} 17. Rfd1 {[%clk 1:15:23]} Qf6 {[%clk 0:59:03]} 18. Ne2
{[%clk 1:15:15]} Qh4 {[%clk 0:56:43]} 19. Qxh4 {[%clk 1:12:18]} Bxh4
{[%clk 0:57:06]} 20. b4 {[%clk 1:12:18]} Be7 {[%clk 0:55:56]} 21. Rab1
{[%clk 1:12:10]} Nf6 {[%clk 0:54:59]} 22. h3 {[%clk 1:12:22]} Nd7
{[%clk 0:54:18]} 23. Bf2 {[%clk 1:12:30]} a5 {[%clk 0:53:53]} 24. b5
{[%clk 1:12:51]} Bc5 {[%clk 0:50:00]} 25. bxc6 {[%clk 1:10:47]} bxc6
{[%clk 0:49:57]} 26. Bxc5 {[%clk 1:09:40]} Nxc5 {[%clk 0:50:20]} 27. Nc3
{[%clk 1:09:07]} Bb7 {[%clk 0:44:43]} 28. Bf1 {[%clk 1:03:42]} Red8
{[%clk 0:42:40]} 29. Bc4 {[%clk 1:03:30]} Kf8 {[%clk 0:38:01]} 30. Kf2
{[%clk 0:54:26]} Ke7 {[%clk 0:36:28]} 31. Ke3 {[%clk 0:54:11]} Ba6
{[%clk 0:31:04]} 32. Rxd8 {[%clk 0:48:18]} Rxd8 {[%clk 0:31:11]} 33. Bxa6
{[%clk 0:48:25]} Nxa6 {[%clk 0:31:31]} 34. a3 {[%clk 0:48:05]} Nc5
{[%clk 0:30:41]} 35. Ne2 {[%clk 0:46:42]} Rd7 {[%clk 0:24:33]} 36. Rb8
{[%clk 0:44:31]} Rd1 {[%clk 0:23:45]} 37. Ng3 {[%clk 0:43:18]} Ra1
{[%clk 0:22:47]} 38. Rg8 {[%clk 0:42:00]} Rxa3+ {[%clk 0:22:43]} 39. Kf2
{[%clk 0:42:29]} Rc3 {[%clk 0:22:07]} 40. h4 {[%clk 0:42:01]} Rxc2+
{[%clk 0:22:05]} 41. Kf3 {[%clk 0:42:30]} Rc3+ {[%clk 0:21:37]} 42. Kg2
{[%clk 0:42:42]} a4 {[%clk 0:21:03]} 43. Ra8 {[%clk 0:43:04]} a3 {[%clk 0:21:01]}
44. Ra7+ {[%clk 0:43:32]} Kd6 {[%clk 0:20:55]} 45. f6 {[%clk 0:43:55]} g6
{[%clk 0:17:53]} 46. h5 {[%clk 0:44:09]} gxh5 {[%clk 0:16:20]} 47. Re7
{[%clk 0:44:19]} Rxg3+ {[%clk 0:15:11]} 48. Kxg3 {[%clk 0:44:44]} Nd7
{[%clk 0:13:48]} 49. Re8 {[%clk 0:44:32]} Nxf6 {[%clk 0:13:49]} 50. Ra8
{[%clk 0:44:52]} Nxe4+ {[%clk 0:13:59]} 51. Kh4 {[%clk 0:45:20]} hxg4
{[%clk 0:13:18]} 52. Kxg4 {[%clk 0:45:41]} Ke6 {[%clk 0:12:20]} 53. Rxa3
{[%clk 0:45:47]} f5+ {[%clk 0:12:23]} 54. Kh5 {[%clk 0:45:54]} Kd5
{[%clk 0:09:40]} 55. Rd3+ {[%clk 0:45:45]} Kc4 {[%clk 0:08:11]} 56. Rd8
{[%clk 0:46:13]} f4 {[%clk 0:06:57]} 57. Kg4 {[%clk 0:46:39]} Nf2+
{[%clk 0:04:43]} 58. Kf5 {[%clk 0:46:37]} Nd3 {[%clk 0:03:41]} 59. Ke4
{[%clk 0:46:51]} Nb4 {[%clk 0:02:59]} 60. Kxe5 {[%clk 0:47:08]} Nd5
{[%clk 0:03:02]} 61. Rd6 {[%clk 0:47:16]} Kd3 {[%clk 0:02:22]} 62. Rxh6
{[%clk 0:46:31]} f3 {[%clk 0:02:19]} 63. Rxc6 {[%clk 0:45:51]} f2
{[%clk 0:02:38]} 64. Rc1 {[%clk 0:46:13]} 1-0

[Event "marquesdepombal"]
[Site "?"]
[Date "2024.10.05"]
[Round "5.4"]
[White "Ribeiro, Gustavo Martins Santos"]
[Black "Faryma, Maksym"]
[Result "1/2-1/2"]
[LiveChessVersion "1.4.8"]
[BlackElo "1954"]
[WhiteElo "2235"]

1. c4 {[%clk 1:30:45]} Nf6 {[%clk 1:30:48]} 2. Nc3 {[%clk 1:31:11]} e6
{[%clk 1:30:23]} 3. Nf3 {[%clk 1:28:05]} d5 {[%clk 1:30:21]} 4. e3
{[%clk 1:28:29]} Be7 {[%clk 1:30:14]} 5. b3 {[%clk 1:28:48]} c5 {[%clk 1:30:31]}
6. Bb2 {[%clk 1:28:50]} dxc4 {[%clk 1:30:24]} 7. bxc4 {[%clk 1:28:58]} O-O
{[%clk 1:30:23]} 8. Be2 {[%clk 1:28:59]} Nc6 {[%clk 1:30:17]} 9. O-O
{[%clk 1:29:21]} b6 {[%clk 1:29:41]} 10. d4 {[%clk 1:27:31]} cxd4
{[%clk 1:28:53]} 11. exd4 {[%clk 1:27:54]} Bd6 {[%clk 1:28:24]} 12. Rc1
{[%clk 1:26:48]} Bb7 {[%clk 1:27:51]} 13. Qd2 {[%clk 1:26:43]} Ne7
{[%clk 1:24:33]} 14. Rfd1 {[%clk 1:24:52]} Ng6 {[%clk 1:24:13]} 15. g3
{[%clk 1:23:58]} Rc8 {[%clk 1:23:28]} 16. d5 {[%clk 1:23:52]} Bb4
{[%clk 1:13:09]} 17. dxe6 {[%clk 1:21:29]} fxe6 {[%clk 1:11:14]} 18. Qxd8
{[%clk 1:20:26]} Rfxd8 {[%clk 1:10:16]} 19. Ng5 {[%clk 1:16:12]} Rxd1+
{[%clk 0:51:49]} 20. Rxd1 {[%clk 1:16:25]} Ba6 {[%clk 0:50:39]} 21. Nxe6
{[%clk 1:14:10]} Bxc4 {[%clk 0:50:34]} 22. Bxc4 {[%clk 1:11:34]} Rxc4
{[%clk 0:50:50]} 23. Nd5 {[%clk 1:11:11]} Nxd5 {[%clk 0:43:27]} 24. Rxd5
{[%clk 1:11:36]} Nf8 {[%clk 0:43:11]} 25. Rd8 {[%clk 1:10:12]} Kf7
{[%clk 0:42:26]} 26. Nxf8 {[%clk 1:10:30]} Bxf8 {[%clk 0:42:49]} 27. Rd7+
{[%clk 1:10:57]} Ke6 {[%clk 0:38:53]} 28. Rxa7 {[%clk 1:10:39]} Bc5
{[%clk 0:38:50]} 29. Ba3 {[%clk 1:10:39]} Bd4 {[%clk 0:37:41]} 30. Re7+
{[%clk 1:10:58]} Kf5 {[%clk 0:37:10]} 31. Re2 {[%clk 1:11:21]} Ra4
{[%clk 0:37:33]} 32. Bc1 {[%clk 1:11:43]} b5 {[%clk 0:37:28]} 33. Kg2
{[%clk 1:11:50]} Bf6 {[%clk 0:31:29]} 34. h3 {[%clk 1:06:24]} Kg6
{[%clk 0:28:54]} 35. Kf3 {[%clk 1:05:24]} Rb4 {[%clk 0:27:44]} 36. Rc2
{[%clk 1:05:32]} Ra4 {[%clk 0:26:55]} 37. Ke2 {[%clk 1:04:35]} Kf5
{[%clk 0:24:32]} 38. Rc5+ {[%clk 1:00:31]} Kg6 {[%clk 0:23:07]} 39. a3
{[%clk 1:00:52]} Be7 {[%clk 0:23:30]} 40. Rxb5 {[%clk 1:01:18]} Bxa3
{[%clk 0:23:51]} 41. Rb6+ {[%clk 1:01:40]} Kf7 {[%clk 0:23:55]} 42. Rb7+
{[%clk 1:02:06]} Kg6 {[%clk 0:24:15]} 43. Bd2 {[%clk 1:01:51]} Bc5
{[%clk 0:23:59]} 44. Rc7 {[%clk 1:01:47]} Bd4 {[%clk 0:24:13]} 45. f4
{[%clk 1:00:25]} Ra3 {[%clk 0:20:55]} 46. Rc4 {[%clk 1:00:13]} Bf6
{[%clk 0:19:59]} 47. Be3 {[%clk 1:00:14]} Ra2+ {[%clk 0:20:14]} 48. Kf3
{[%clk 1:00:11]} Rh2 {[%clk 0:20:29]} 49. Rc5 {[%clk 0:59:37]} h5
{[%clk 0:18:26]} 50. h4 {[%clk 0:57:50]} Rb2 {[%clk 0:18:38]} 51. f5+
{[%clk 0:58:04]} Kh7 {[%clk 0:18:33]} 52. Bg5 {[%clk 0:58:25]} Rb3+
{[%clk 0:18:54]} 53. Kg2 {[%clk 0:58:50]} Rb2+ {[%clk 0:19:18]} 54. Kh1
{[%clk 0:58:29]} Rb1+ {[%clk 0:18:44]} 55. Kg2 {[%clk 0:58:12]} Rb2+
{[%clk 0:19:06]} 56. Kf1 {[%clk 0:58:26]} Rb1+ {[%clk 0:19:03]} 57. Ke2
{[%clk 0:58:49]} Rb2+ {[%clk 0:19:25]} 58. Bd2 {[%clk 0:58:43]} Rb3
{[%clk 0:18:53]} 59. Be3 {[%clk 0:58:27]} Rb2+ {[%clk 0:19:15]} 60. Kf3
{[%clk 0:58:51]} Rb3 {[%clk 0:19:38]} 61. Rd5 {[%clk 0:59:13]} Ra3
{[%clk 0:19:40]} 62. Ke4 {[%clk 0:56:24]} Ra4+ {[%clk 0:19:20]} 63. Kf3
{[%clk 0:55:19]} Ra3 {[%clk 0:19:30]} 64. Kf2 {[%clk 0:55:41]} Ra2+
{[%clk 0:19:33]} 65. Kg1 {[%clk 0:56:05]} Ra3 {[%clk 0:19:13]} 66. Bf4
{[%clk 0:56:29]} Rb3 {[%clk 0:19:33]} 67. Kg2 {[%clk 0:56:51]} Rb2+
{[%clk 0:19:40]} 68. Kh3 {[%clk 0:57:15]} Rf2 {[%clk 0:19:39]} 69. Bg5 Bb2
{[%clk 0:19:22]} 70. Be3 {[%clk 0:55:47]} Rf3 {[%clk 0:19:27]} 71. Bf4
{[%clk 0:56:11]} Bf6 {[%clk 0:18:02]} 72. Kg2 {[%clk 0:56:26]} Ra3
{[%clk 0:17:50]} 73. Be5 {[%clk 0:56:24]} Ra2+ {[%clk 0:18:11]} 74. Kf1
{[%clk 0:56:48]} Bxe5 {[%clk 0:17:48]} 75. Rxe5 {[%clk 0:57:14]} Kh6
{[%clk 0:18:08]} 76. Re6+ {[%clk 0:56:20]} Kh7 {[%clk 0:18:26]} 77. Rg6
{[%clk 0:56:37]} Rb2 {[%clk 0:18:04]} 78. Kg1 {[%clk 0:56:55]} Ra2
{[%clk 0:18:24]} 79. Rb6 {[%clk 0:56:55]} Ra5 {[%clk 0:18:31]} 80. f6
{[%clk 0:57:20]} gxf6 {[%clk 0:18:55]} 81. Rxf6 {[%clk 0:57:48]} Kg7
{[%clk 0:19:03]} 82. Re6 {[%clk 0:57:39]} Ra2 {[%clk 0:18:58]} 83. Kf1
{[%clk 0:58:03]} Ra5 {[%clk 0:18:30]} 84. Kf2 {[%clk 0:58:14]} Rf5+
{[%clk 0:18:54]} 85. Ke3 {[%clk 0:58:30]} Rf1 {[%clk 0:19:02]} 86. Ra6
{[%clk 0:58:58]} Rb1 {[%clk 0:18:40]} 87. Rd6 {[%clk 0:57:40]} Rf1
{[%clk 0:18:35]} 88. Ke4 {[%clk 0:58:01]} Rf2 {[%clk 0:18:45]} 89. Rd5
{[%clk 0:58:09]} Kg6 {[%clk 0:19:05]} 90. Rg5+ {[%clk 0:58:26]} Kh6
{[%clk 0:19:31]} 91. Rf5 {[%clk 0:58:52]} Ra2 {[%clk 0:19:49]} 92. Re5
{[%clk 0:58:35]} Ra4+ {[%clk 0:18:07]} 93. Kf3 {[%clk 0:58:55]} Ra6
{[%clk 0:18:17]} 94. Ke4 {[%clk 0:58:20]} Ra4+ {[%clk 0:18:25]} 95. Kf3
{[%clk 0:58:43]} Ra6 {[%clk 0:18:48]} 96. Kf4 {[%clk 0:59:11]} Ra4+
{[%clk 0:18:51]} 97. Re4 {[%clk 0:59:38]} Ra3 {[%clk 0:18:39]} 98. Rb4
{[%clk 0:59:47]} Ra6 {[%clk 0:18:44]} 99. Rd4 {[%clk 1:00:11]} Rf6+
{[%clk 0:19:03]} 100. Ke4 {[%clk 1:00:34]} Rg6 {[%clk 0:18:51]} 101. Rd3
{[%clk 1:00:54]} Rg4+ {[%clk 0:19:10]} 102. Kf5 {[%clk 1:00:32]} Kh7
{[%clk 0:19:23]} 103. Re3 {[%clk 1:00:45]} Kh6 {[%clk 0:19:32]} 104. Kf6
{[%clk 1:01:11]} Rg6+ {[%clk 0:19:47]} 105. Kf7 {[%clk 1:01:37]} Rg7+
{[%clk 0:19:57]} 106. Kf8 {[%clk 1:01:59]} Rg4 {[%clk 0:19:57]} 107. Rf3
{[%clk 1:02:12]} Kh7 {[%clk 0:19:57]} 108. Ke7 {[%clk 1:02:22]} Re4+
{[%clk 0:20:03]} 109. Kf6 {[%clk 1:02:47]} Rg4 {[%clk 0:20:25]} 110. Ra3
{[%clk 1:03:11]} Kh6 {[%clk 0:20:28]} 111. Ra8 {[%clk 1:03:23]} Rg6+
{[%clk 0:20:51]} 112. Kf7 {[%clk 1:03:34]} Rg7+ {[%clk 0:21:16]} 113. Kf6
{[%clk 1:03:59]} Rg6+ {[%clk 0:21:41]} 114. Kf5 {[%clk 1:04:25]} Rxg3
{[%clk 0:21:34]} 115. Rh8+ {[%clk 1:04:46]} Kg7 {[%clk 0:21:58]} 116. Rxh5
{[%clk 1:05:10]} Ra3 {[%clk 0:22:12]} 117. Rg5+ {[%clk 1:05:33]} Kh7
{[%clk 0:22:35]} 118. Kg4 {[%clk 1:05:59]} Ra6 {[%clk 0:22:55]} 119. Rb5
{[%clk 1:06:05]} 1/2-1/2

[Event "marquesdepombal"]
[Site "?"]
[Date "2024.10.05"]
[Round "5.5"]
[White "Paiva, Manuel Maria Fonseca"]
[Black "Faryma, Matviy"]
[Result "0-1"]
[LiveChessVersion "1.4.8"]
[BlackElo "2115"]
[WhiteElo "1899"]

1. e4 {[%clk 1:27:35]} e6 {[%clk 1:30:22]} 2. d4 {[%clk 1:27:52]} d5
{[%clk 1:30:46]} 3. e5 {[%clk 1:28:13]} c5 {[%clk 1:31:12]} 4. c3
{[%clk 1:28:39]} Nc6 {[%clk 1:31:37]} 5. Nf3 {[%clk 1:29:00]} Bd7
{[%clk 1:32:02]} 6. Be2 {[%clk 1:29:00]} Nge7 {[%clk 1:30:48]} 7. h4
{[%clk 1:28:50]} cxd4 {[%clk 1:30:24]} 8. cxd4 {[%clk 1:29:15]} Qb6
{[%clk 1:30:42]} 9. Na3 {[%clk 1:26:54]} Nf5 {[%clk 1:30:09]} 10. Nc2
{[%clk 1:27:03]} Nb4 {[%clk 1:23:37]} 11. Nxb4 {[%clk 1:23:16]} Bxb4+
{[%clk 1:23:53]} 12. Kf1 {[%clk 1:23:31]} h5 {[%clk 1:22:56]} 13. a4
{[%clk 1:21:49]} a5 {[%clk 1:17:38]} 14. Rh3 {[%clk 1:17:40]} Rc8
{[%clk 1:16:25]} 15. Be3 {[%clk 1:14:37]} Be7 {[%clk 1:14:48]} 16. Qd2
{[%clk 1:11:03]} Nxe3+ {[%clk 1:09:28]} 17. fxe3 {[%clk 1:11:24]} Qb4
{[%clk 1:09:35]} 18. Qxb4 {[%clk 1:05:30]} axb4 {[%clk 1:00:41]} 19. Bd3
{[%clk 0:53:47]} Ra8 {[%clk 0:59:26]} 20. a5 {[%clk 0:45:12]} Bd8
{[%clk 0:56:19]} 21. a6 {[%clk 0:44:57]} O-O {[%clk 0:55:52]} 22. Ke2
{[%clk 0:41:19]} bxa6 {[%clk 0:53:05]} 23. Rxa6 {[%clk 0:41:38]} Rxa6
{[%clk 0:53:19]} 24. Bxa6 {[%clk 0:42:05]} Be7 {[%clk 0:53:31]} 25. Rh1 Ra8
{[%clk 0:53:51]} 26. Bd3 {[%clk 0:41:03]} Ra2 {[%clk 0:47:39]} 27. Rb1
{[%clk 0:41:07]} Kf8 {[%clk 0:44:27]} 28. g3 {[%clk 0:41:08]} Ke8
{[%clk 0:44:52]} 29. Nd2 {[%clk 0:41:08]} Kd8 {[%clk 0:44:41]} 30. b3
{[%clk 0:41:19]} Be8 {[%clk 0:42:29]} 31. Rg1 {[%clk 0:35:46]} f6
{[%clk 0:41:11]} 32. exf6 {[%clk 0:33:39]} Bxf6 {[%clk 0:41:23]} 33. Rf1
{[%clk 0:24:09]} e5 {[%clk 0:36:50]} 34. dxe5 {[%clk 0:24:29]} Bxe5
{[%clk 0:37:16]} 35. Rf5 {[%clk 0:24:24]} Bc3 {[%clk 0:37:41]} 36. Rxd5+
{[%clk 0:24:26]} Ke7 {[%clk 0:37:43]} 37. Bf5 {[%clk 0:17:41]} Bc6
{[%clk 0:37:17]} 38. Rd4 Ra6 0-1

[Event "marquesdepombal"]
[Site "?"]
[Date "2024.10.05"]
[Round "5.6"]
[White "Negrao, Alberto Rodolfo De Almeida"]
[Black "Assuncao, Francisco Daniel Costa"]
[Result "1-0"]
[LiveChessVersion "1.4.8"]
[BlackElo "1967"]
[WhiteElo "1894"]

1. e4 {[%clk 1:29:53]} c6 {[%clk 1:29:29]} 2. d4 {[%clk 1:29:29]} d5
{[%clk 1:29:25]} 3. exd5 {[%clk 1:29:46]} cxd5 {[%clk 1:29:46]} 4. Bd3
{[%clk 1:30:05]} Nc6 {[%clk 1:29:46]} 5. c3 {[%clk 1:30:22]} Nf6 {[%clk 1:30:06]}
6. f4 {[%clk 1:30:42]} Bg4 {[%clk 1:28:02]} 7. Nf3 {[%clk 1:30:56]} e6
{[%clk 1:26:33]} 8. O-O {[%clk 1:31:09]} Be7 {[%clk 1:25:24]} 9. Qe1
{[%clk 1:30:25]} Bh5 {[%clk 1:22:42]} 10. Nbd2 {[%clk 1:23:48]} Bg6
{[%clk 1:21:21]} 11. Qe2 {[%clk 1:23:23]} O-O {[%clk 1:15:14]} 12. Bxg6
{[%clk 1:20:05]} hxg6 {[%clk 1:15:18]} 13. Ne5 {[%clk 1:19:27]} Rc8
{[%clk 1:06:11]} 14. Rf3 {[%clk 1:16:50]} Qb6 {[%clk 0:54:46]} 15. Nxg6
{[%clk 1:00:07]} Rfe8 {[%clk 0:32:26]} 16. Rh3 {[%clk 0:56:39]} Nh7
{[%clk 0:23:54]} 17. Nxe7+ {[%clk 0:55:16]} Nxe7 {[%clk 0:20:22]} 18. Qh5
{[%clk 0:55:06]} Nf5 {[%clk 0:20:22]} 19. Qxh7+ {[%clk 0:54:40]} Kf8 20. Nf3
{[%clk 0:53:16]} Ke7 {[%clk 0:18:02]} 21. Qh5 {[%clk 0:48:16]} Qb5
{[%clk 0:16:25]} 22. Ne5 {[%clk 0:47:08]} Rf8 {[%clk 0:11:06]} 23. Qd1
{[%clk 0:45:47]} Rfd8 {[%clk 0:10:09]} 24. b3 {[%clk 0:39:15]} f6
{[%clk 0:09:31]} 25. Ba3+ {[%clk 0:39:02]} Nd6 {[%clk 0:08:36]} 26. Bxd6+
{[%clk 0:37:40]} Rxd6 {[%clk 0:08:31]} 27. Ng6+ {[%clk 0:35:52]} Kd7
{[%clk 0:08:59]} 28. Rc1 {[%clk 0:35:17]} Ra6 {[%clk 0:08:33]} 29. a4
{[%clk 0:35:01]} Qc6 {[%clk 0:08:00]} 30. Rh7 {[%clk 0:33:38]} Rg8
{[%clk 0:07:52]} 31. Qh5 {[%clk 0:29:43]} Qd6 {[%clk 0:04:22]} 32. Ne5+
{[%clk 0:25:09]} Kc8 {[%clk 0:02:28]} 33. Rh8 {[%clk 0:23:20]} Qf8
{[%clk 0:01:57]} 34. Rxg8 {[%clk 0:22:58]} Qxg8 {[%clk 0:02:25]} 35. Qf7
{[%clk 0:23:02]} Qd8 {[%clk 0:01:37]} 36. Nd3 {[%clk 0:21:46]} g5
{[%clk 0:00:36]} 37. fxg5 {[%clk 0:21:32]} e5 {[%clk 0:00:51]} 38. g6
{[%clk 0:21:18]} 1-0

[Event "marquesdepombal"]
[Site "?"]
[Date "2024.10.05"]
[Round "5.7"]
[White "Gori, Andrea"]
[Black "Cardoso, Miguel Sanchez"]
[Result "0-1"]
[LiveChessVersion "1.4.8"]
[BlackElo "1855"]
[WhiteElo "1978"]

1. e4 Nf6 2. Nc3 Nc6 3. d4 e5 4. dxe5 Nxe5 5. Nf3 Nxf3+ 6. Qxf3 d6 7. h3 Be7 8.
Be3 O-O 9. Be2 Be6 10. g4 Nd7 11. Nd5 Bxd5 12. exd5 Ne5 13. Qg2 Bh4 14. O-O-O Be7
15. f4 Ng6 16. Bd3 Re8 17. Bd2 a5 18. g5 Qd7 19. h4 b5 20. h5 Nf8 21. Bc3 b4 22.
Bd4 Qd8 23. Bb5 Nd7 24. Qg4 Ne5 25. fxe5 Bxg5+ 26. Kb1 Rxe5 27. Bxe5 dxe5 28. Qe4
Bf6 29. h6 g6 30. d6 Rb8 31. Bc4 cxd6 32. Qd5 Qe7 33. Rhf1 Rd8 34. Qxa5 e4 0-1

[Event "marquesdepombal"]
[Site "?"]
[Date "2024.10.05"]
[Round "5.8"]
[White "Neto, Dinis Fonseca"]
[Black "Goncalves, Lucas Jordao"]
[Result "1-0"]
[LiveChessVersion "1.4.8"]
[BlackElo "1971"]
[WhiteElo "1792"]

1. e4 c5 2. Nf3 Nc6 3. d4 cxd4 4. Nxd4 g6 5. c4 Bg7 6. Be3 d6 7. Nc3 Nf6 8. Be2
O-O 9. O-O Bd7 10. f3 Rc8 11. Qd2 a6 12. Rac1 Nxd4 13. Bxd4 Be6 14. b3 Nd7 15.
Be3 Qa5 16. Nd5 Qd8 17. Nf4 Ne5 18. Nxe6 fxe6 19. f4 Nc6 20. Bg4 Qd7 21. Rcd1 Nd8
22. e5 Nf7 23. Rfe1 Rfe8 24. Qd5 1-0

[Event "marquesdepombal"]
[Site "?"]
[Date "2024.10.05"]
[Round "5.9"]
[White "Goncalves, Diogo Figueiredo"]
[Black "Plata Fernandez, Diego"]
[Result "1-0"]
[LiveChessVersion "1.4.8"]
[BlackElo "1742"]
[WhiteElo "1968"]

1. e4 {[%clk 1:30:46]} e5 {[%clk 1:30:52]} 2. Nf3 {[%clk 1:31:10]} Nf6
{[%clk 1:31:11]} 3. Nxe5 {[%clk 1:31:35]} d6 {[%clk 1:31:07]} 4. Nf3
{[%clk 1:31:59]} Nxe4 {[%clk 1:31:25]} 5. d3 {[%clk 1:32:23]} Nf6
{[%clk 1:31:08]} 6. d4 {[%clk 1:32:47]} d5 {[%clk 1:29:05]} 7. Bd3
{[%clk 1:33:10]} Ne4 {[%clk 1:26:26]} 8. O-O {[%clk 1:32:20]} Be7
{[%clk 1:18:38]} 9. c4 {[%clk 1:31:46]} c6 {[%clk 1:18:44]} 10. Re1
{[%clk 1:30:16]} Nf6 {[%clk 1:18:17]} 11. Nc3 {[%clk 1:28:51]} O-O
{[%clk 1:16:49]} 12. Bg5 {[%clk 1:28:12]} h6 {[%clk 1:14:01]} 13. Bh4
{[%clk 1:28:29]} Be6 {[%clk 1:14:20]} 14. c5 {[%clk 1:22:36]} Nbd7
{[%clk 1:01:51]} 15. b4 {[%clk 1:21:31]} b6 {[%clk 0:49:05]} 16. Ba6
{[%clk 1:17:50]} bxc5 {[%clk 0:45:04]} 17. dxc5 {[%clk 1:14:57]} Ne4
{[%clk 0:35:05]} 18. Bxe7 {[%clk 1:12:58]} Nxc3 {[%clk 0:35:11]} 19. Bxd8
{[%clk 1:13:17]} Nxd1 {[%clk 0:35:02]} 20. Bc7 {[%clk 1:09:41]} Nc3
{[%clk 0:34:00]} 21. Bb7 {[%clk 1:09:50]} Rab8 {[%clk 0:32:55]} 22. Bxb8
{[%clk 1:10:08]} Nxb8 {[%clk 0:30:54]} 23. Nd4 {[%clk 1:09:37]} Rd8
{[%clk 0:30:03]} 24. Bxc6 {[%clk 1:05:48]} Nxc6 {[%clk 0:23:26]} 25. Nxc6
{[%clk 1:06:15]} Rd7 {[%clk 0:22:16]} 26. Nd4 {[%clk 1:06:27]} Rb7
{[%clk 0:18:36]} 27. b5 {[%clk 1:05:08]} Ne4 {[%clk 0:17:39]} 28. c6
{[%clk 1:05:08]} Rc7 {[%clk 0:17:35]} 29. a4 {[%clk 1:05:19]} Nd2
{[%clk 0:13:08]} 30. a5 {[%clk 1:05:10]} Nc4 {[%clk 0:13:26]} 31. Nxe6
{[%clk 1:04:51]} fxe6 {[%clk 0:13:30]} 32. Rxe6 {[%clk 1:05:18]} Kf7
{[%clk 0:13:19]} 33. Ree1 {[%clk 1:05:15]} Nd6 {[%clk 0:11:17]} 34. Rab1
{[%clk 1:05:15]} 1-0

[Event "marquesdepombal"]
[Site "?"]
[Date "2024.10.05"]
[Round "5.10"]
[White "Tenreiro, Manuel Costa Dias Torres"]
[Black "Zhang, Xin An"]
[Result "1/2-1/2"]
[LiveChessVersion "1.4.8"]
[BlackElo "1903"]
[WhiteElo "1685"]

1. e4 c5 2. Nf3 e6 3. d4 cxd4 4. Nxd4 a6 5. Nc3 b5 6. f3 Bb7 7. Be2 Qc7 8. a3 Nf6
9. Be3 Nc6 10. Nxc6 Bxc6 11. Bd3 h5 12. h4 d5 13. exd5 Nxd5 14. Nxd5 Bxd5 15. Kf2
Bd6 16. Rh3 Be5 17. c3 Rd8 18. Qc2 Bb3 19. Bxb5+ axb5 20. Qxb3 Rd5 21. Rd1 Rxd1
22. Qxd1 O-O 23. g3 Rd8 24. Qe2 Rd5 25. f4 Bd6 26. Rh1 Qd7 27. Kg2 Bc5 28. Re1
Bxe3 29. Qxe3 Rd2+ 30. Re2 Qd5+ 1/2-1/2